| 000 | 01111nam a22002777a 4500 | ||
|---|---|---|---|
| 005 | 20250310104414.0 | ||
| 008 | 250310b ||||| |||| 00| 0 eng d | ||
| 020 | _a9788176711340 | ||
| 040 | _cAL | ||
| 041 | _aeng | ||
| 082 |
_223 _a574.88 _bWATM |
||
| 100 |
_aJames, D Watson _9205299 |
||
| 245 | _aMolecular biology of the gene | ||
| 250 | _a8th ed. | ||
| 260 |
_aNew Delhi _bAffiliated East-West Press _c2024 |
||
| 300 |
_axxxiv,876p. _bPB _c27x21cm. |
||
| 365 |
_2General _bVBI-2366 _c₹1196.25 _d₹ _a₹1595.00 _e25% _f28/02/2025 |
||
| 520 | _aThe new Multi-Colour edition of the classic book from Dr James Watson, nobel laureate , on the 71 st anniversary of the discovery of the structure of the DNA in 1953. The field of molecular biology as we understand today was born out of the discovery of the DNA Strucure. | ||
| 650 |
_2Molecular Biology _aMolecular Biology _9205300 |
||
| 700 |
_aBaker, Tania A _9205301 |
||
| 700 |
_aBell, Stephen P _9205302 |
||
| 700 |
_aGann, Alexander _9205303 |
||
| 700 |
_aLevine, Michael _9205304 |
||
| 700 |
_aLosick, Richard _9205305 |
||
| 942 |
_2ddc _cBK |
||
| 999 |
_c233918 _d233918 |
||